Gestión competitiva de stocks y procesos de producción

Guardat en:
Dades bibliogràfiques
Autor principal: Cuatrecasas, Lluís (Autor)
Format: Llibre
Idioma:espanyol
Publicat: Barcelona Gestión 2000 2003
Matèries:
Etiquetes: Afegir etiqueta
Sense etiquetes, Sigues el primer a etiquetar aquest registre!

MARC

LEADER 00000nam a2200000 a 4500
001 UCK0179
003 CL-VaPUC
008 040915e20030000SP |||||||||||||||||spa|d
020 |a 8480888431 
082 0 4 |a 658.503  |b CUA  |2 21 
100 |a Cuatrecasas, Lluís  |e author  |9 222253 
245 1 0 |a Gestión competitiva de stocks y procesos de producción 
300 |a 265 p 
942 |c BK 
945 |d 20040915 00:00:00  |a cmena 
260 |a Barcelona  |b Gestión 2000  |c 2003 
650 0 |a Gestión de la producción   |9 259467 
650 0 |a Toma de decisiones   |9 257530 
650 0 |a Planificación estratégica   |9 259735 
650 0 |a Productividad   |9 335972 
650 0 |a Control de calidad   |9 259714 
583 |a last modification  |c 20130306 09:48:03  |k Rodrigo Vera 
999 |c 310669  |d 310667 
952 |0 0  |1 0  |4 0  |6 658_503000000000000_CUA_2003  |7 0  |8 A  |9 379549  |a BIBING  |b BIBING  |d 2019-11-21  |i 406447K  |o 658.503 CUA 2003  |p 406447K  |r 2025-01-20  |w 2019-11-21  |y BK  |k EII